| 000 | 00767nam a2200217 a 4500 | ||
|---|---|---|---|
| 001 | BRCA_3906 | ||
| 005 | 20190320204453.0 | ||
| 008 | 120110s1900----u--#######---#000-0#eng-# | ||
| 041 | _aeng | ||
| 044 | _au | ||
| 050 | 4 |
_aF1435.3 _b.M39 1900 |
|
| 245 | 1 | 0 |
_aThe Maya and Tzental calendars _bcomprising the complete series of days, with their positions in the month, for each one the fifty-two years of the cycle, according to each system _ccompiled by William E. Gates. |
| 260 |
_aCleveland _b[William E. Gates] _c1900 |
||
| 300 |
_a1 v. (sin paginación) _c27 cm. |
||
| 500 | _aC53 | ||
| 650 | 1 | 4 |
_aMayas _eTzental _xCalendario _910156 |
| 651 | 4 |
_aMéxico _vSistema _xMaya _910157 |
|
| 700 | 1 |
_aGates, William E. _ecompilador _910158 |
|
| 902 | _aGFM | ||
| 942 |
_2lcc _cB |
||
| 999 |
_c3633 _d3633 |
||